[Event "MMK 2013 - OPEN"]
[Site "ul.Reymonta 22 - Krakow"]
[Date "2013.08.11"]
[Round "5.1"]
[White "Barski, Radoslaw"]
[Black "Janus, Przemyslaw"]
[Result "1-0"]
[WhiteElo "2268"]
[BlackElo "2121"]
[PlyCount "89"]
[EventDate "2013.??.??"]

1. e4 c5 2. Nf3 d6 3. d4 cxd4 4. Nxd4 Nf6 5. Nc3 g6 6. Be3 Bg7 7. f3 Nc6 8. Qd2
O-O 9. Bc4 Nd7 10. Bb3 Nb6 11. O-O Bd7 12. f4 Rc8 13. Rad1 Na5 14. Qf2 Nbc4 15.
Bc1 a6 16. Rd3 b5 17. f5 Nxb3 18. axb3 Ne5 19. Rg3 Bc6 20. Nxc6 Rxc6 21. Nd5
Nd7 22. Bg5 Nf6 23. Bxf6 Bxf6 24. Rh3 Kg7 25. c3 Rc5 26. Qd2 g5 27. Qe2 h6 28.
b4 Rc6 29. Qh5 Rh8 30. b3 a5 31. c4 bxc4 32. b5 Rc5 33. bxc4 Rxc4 34. Qe2 Qc8
35. b6 Rc2 36. Qd3 Rb2 37. Rhf3 Qc5+ 38. Kh1 Rb8 39. Qd1 Qc4 40. Nxe7 Bxe7 41.
f6+ Bxf6 42. Rxf6 R8xb6 43. Qh5 Rb7 44. Rxh6 Kg8 45. Rg6+ 1-0

[Event "MMK 2013 - OPEN"]
[Site "ul.Reymonta 22 - Krakow"]
[Date "2013.08.11"]
[Round "5.2"]
[White "Matviishen, Viktor"]
[Black "Buscara, Sevan"]
[Result "1/2-1/2"]
[WhiteElo "2070"]
[BlackElo "2330"]
[PlyCount "30"]
[EventDate "2013.??.??"]

1. d4 d5 2. c4 c6 3. Nf3 Nf6 4. Qc2 dxc4 5. Qxc4 Bf5 6. Nc3 e6 7. Bf4 Be7 8. g3
O-O 9. Bg2 Qb6 10. Na4 Bb4+ 11. Bd2 Bxd2+ 12. Nxd2 Qc7 13. Nc5 Nbd7 14. O-O
Rad8 15. Nf3 Nxc5 1/2-1/2

[Event "MMK 2013 - OPEN"]
[Site "ul.Reymonta 22 - Krakow"]
[Date "2013.08.11"]
[Round "5.3"]
[White "Lach, Piotr"]
[Black "Mariano, Elia"]
[Result "1/2-1/2"]
[WhiteElo "2166"]
[BlackElo "2177"]
[PlyCount "32"]
[EventDate "2013.??.??"]

1. e4 e6 2. d4 d5 3. Nd2 Be7 4. a3 c5 5. dxc5 Nf6 6. exd5 exd5 7. b4 a5 8. Rb1
O-O 9. Ngf3 b6 10. cxb6 axb4 11. axb4 Qxb6 12. Bd3 Bxb4 13. O-O Qd6 14. Bb2 Nc6
15. h3 Bd7 16. Nd4 Nxd4 1/2-1/2

[Event "MMK 2013 - OPEN"]
[Site "ul.Reymonta 22 - Krakow"]
[Date "2013.08.11"]
[Round "5.4"]
[White "Adamowicz, Katarzyna"]
[Black "Nester, Ihor"]
[Result "1-0"]
[WhiteElo "2112"]
[BlackElo "2306"]
[PlyCount "109"]
[EventDate "2013.??.??"]

1. e4 e5 2. Nf3 Nc6 3. Bb5 a6 4. Ba4 Nf6 5. O-O Be7 6. Re1 b5 7. Bb3 d6 8. c3
O-O 9. h3 Nd7 10. d4 Nb6 11. Nbd2 Bf6 12. Nf1 Re8 13. Ng3 g6 14. Bc2 Bb7 15. b3
Nb8 16. Be3 N8d7 17. Qd2 c5 18. Rad1 Rc8 19. Bb1 cxd4 20. cxd4 d5 21. dxe5 Nxe5
22. Qe2 Nxf3+ 23. Qxf3 Bc3 24. Rf1 d4 25. Ne2 Qe7 26. Bxd4 Bxd4 27. Rxd4 Nd7
28. Ng3 Nc5 29. Qg4 h5 30. Nxh5 Qe5 31. b4 Ne6 32. Rd7 Bc6 33. Qf3 Bxd7 34.
Nf6+ Kg7 35. Nxd7 Qc3 36. Qg4 Qxb4 37. Nf6 Red8 38. Nd5 Qb2 39. Kh2 Rc1 40.
Rxc1 Qxc1 41. Bd3 Qb2 42. f4 Nc5 43. Qf3 Qd4 44. Bc2 f5 45. Ne7 Nxe4 46. Nc6
Qc5 47. Nxd8 Qxc2 48. Qa3 Qd2 49. Qe7+ Kg8 50. Qf7+ Kh8 51. Ne6 Qc3 52. Qxg6 b4
53. Qh6+ Kg8 54. Qf8+ Kh7 55. Qxf5+ 1-0

[Event "MMK 2013 - OPEN"]
[Site "ul.Reymonta 22 - Krakow"]
[Date "2013.08.11"]
[Round "5.5"]
[White "Bus, Konrad"]
[Black "Jakubiec, Edyta"]
[Result "1/2-1/2"]
[WhiteElo "2066"]
[BlackElo "2216"]
[PlyCount "25"]
[EventDate "2013.??.??"]

1. d4 d6 2. g3 g6 3. Bg2 Bg7 4. e4 Nf6 5. Nd2 Nbd7 6. Ngf3 O-O 7. O-O c5 8. d5
Rb8 9. a4 b6 10. Qe2 Qc7 11. Re1 Bb7 12. Nc4 Ne8 13. Bg5 1/2-1/2

[Event "MMK 2013 - OPEN"]
[Site "ul.Reymonta 22 - Krakow"]
[Date "2013.08.11"]
[Round "5.7"]
[White "Gbyl, Andrzej"]
[Black "Marczuk, Dominik"]
[Result "1/2-1/2"]
[WhiteElo "2198"]
[BlackElo "2049"]
[PlyCount "43"]
[EventDate "2013.??.??"]

1. d4 f5 2. g3 Nf6 3. Nh3 g6 4. Nf4 Nc6 5. Bg2 Bg7 6. h4 e5 7. dxe5 Nxe5 8. Nd2
c6 9. Nf3 Nfg4 10. Nxe5 Nxe5 11. Be3 Nc4 12. Bd4 Qa5+ 13. c3 Nxb2 14. Qd2 Nc4
15. Qd3 Ne5 16. Qe3 Kf7 17. h5 d6 18. hxg6+ hxg6 19. Rxh8 Bxh8 20. Nh3 Ng4 21.
Ng5+ Kf8 22. Nh7+ 1/2-1/2

[Event "MMK 2013 - OPEN"]
[Site "ul.Reymonta 22 - Krakow"]
[Date "2013.08.11"]
[Round "5.8"]
[White "Skomial, Mateusz"]
[Black "Mucha, Roman"]
[Result "1-0"]
[WhiteElo "2014"]
[BlackElo "2190"]
[PlyCount "79"]
[EventDate "2013.??.??"]

1. e4 e6 2. d4 d5 3. exd5 exd5 4. Nf3 Bd6 5. Bd3 Ne7 6. O-O Nbc6 7. c3 Bg4 8.
a4 Qd7 9. Na3 f6 10. Nb5 g5 11. Nxd6+ Qxd6 12. b4 Ng6 13. Re1+ Nce7 14. b5
O-O-O 15. h3 Bf5 16. Ba3 Qd7 17. Bxe7 Nxe7 18. Rxe7 Qxe7 19. Bxf5+ Kb8 20. a5
h5 21. Qd3 g4 22. Nh4 Qd6 23. Qg3 Qxg3 24. fxg3 c6 25. b6 axb6 26. axb6 c5 27.
Ng6 Rhe8 28. dxc5 Re3 29. Nf4 gxh3 30. Ne6 Rc8 31. Bxh3 Rxc3 32. Kh2 d4 33.
Nxd4 R8xc5 34. Ne6 Rc1 35. Ra7 Rc6 36. Nc7 Rxb6 37. Ra8+ Kxc7 38. Rc8+ Kd6 39.
Rxc1 Rb4 40. Re1 1-0

[Event "MMK 2013 - OPEN"]
[Site "ul.Reymonta 22 - Krakow"]
[Date "2013.08.11"]
[Round "5.9"]
[White "Gola, Karol"]
[Black "Kyc, Jerzy"]
[Result "1/2-1/2"]
[WhiteElo "2184"]
[BlackElo "1951"]
[PlyCount "35"]
[EventDate "2013.??.??"]

1. e4 c5 2. Nf3 d6 3. Bb5+ Bd7 4. Bxd7+ Qxd7 5. O-O Nf6 6. e5 dxe5 7. Nxe5 Qc7
8. Re1 Nbd7 9. Nxd7 Qxd7 10. d3 e6 11. Qf3 Be7 12. Nc3 O-O 13. Qg3 Kh8 14. Bg5
Rac8 15. Re3 h6 16. Qh3 Nh7 17. Bxe7 Qxe7 18. Ne4 1/2-1/2

[Event "MMK 2013 - OPEN"]
[Site "ul.Reymonta 22 - Krakow"]
[Date "2013.08.11"]
[Round "5.10"]
[White "Mihopoulos, Konstantinos"]
[Black "Lach, Aleksandra"]
[Result "1/2-1/2"]
[WhiteElo "2036"]
[BlackElo "2161"]
[PlyCount "104"]
[EventDate "2013.??.??"]

1. e4 c5 2. Nf3 d6 3. Bb5+ Bd7 4. Bxd7+ Nxd7 5. O-O Ngf6 6. Qe2 e6 7. b3 Be7 8.
Bb2 O-O 9. d4 cxd4 10. Nxd4 Nc5 11. f3 Qb6 12. c4 Nh5 13. f4 Nf6 14. e5 dxe5
15. fxe5 Nfe4 16. Kh1 f5 17. Na3 Nd7 18. Nac2 Bh4 19. b4 Rae8 20. c5 Ndxc5 21.
Nf3 Bf2 22. Rxf2 Nxf2+ 23. Qxf2 Nd3 24. Qxb6 axb6 25. Bd4 Rc8 26. Nfe1 Nxe1 27.
Nxe1 Rc4 28. Bxb6 Ra8 29. Bc5 g5 30. a4 b6 31. Bd6 Rac8 32. Kg1 Rc1 33. Rxc1
Rxc1 34. Kf2 Ra1 35. Nf3 h6 36. Nd4 Kf7 37. Nc6 Ra2+ 38. Ke3 f4+ 39. Kf3 Kg6
40. a5 b5 41. h3 h5 42. Nd4 Ra3+ 43. Kf2 Ra2+ 44. Kg1 g4 45. hxg4 hxg4 46. Nxe6
g3 47. Kf1 Kf5 48. Nd4+ Ke4 49. Nf3 Rf2+ 50. Kg1 Rc2 51. Kf1 Rf2+ 52. Kg1 Rc2
1/2-1/2

[Event "MMK 2013 - OPEN"]
[Site "ul.Reymonta 22 - Krakow"]
[Date "2013.08.11"]
[Round "5.11"]
[White "Xylogiannopoulos, Antonios"]
[Black "Jedras, Piotr"]
[Result "0-1"]
[WhiteElo "2146"]
[BlackElo "2008"]
[PlyCount "104"]
[EventDate "2013.??.??"]

1. e4 c5 2. Nf3 d6 3. d4 cxd4 4. Nxd4 Nf6 5. Nc3 g6 6. Be3 Bg7 7. f3 Nc6 8. Qd2
O-O 9. Bc4 Bd7 10. h4 Na5 11. Bb3 b5 12. h5 Nc4 13. Bxc4 bxc4 14. hxg6 fxg6 15.
Bh6 Bxh6 16. Qxh6 Rf7 17. O-O-O Rb8 18. Kb1 Qb6 19. Qc1 e5 20. Nde2 Be6 21. Nd5
Bxd5 22. exd5 Rfb7 23. b3 Qc5 24. Ng3 cxb3 25. cxb3 Rxb3+ 26. axb3 Rxb3+ 27.
Ka2 Rc3 28. Qxc3 Qxc3 29. Ne4 Qc2+ 30. Ka3 Nxe4 31. fxe4 Qxe4 32. Rb1 Qd3+ 33.
Rb3 Qxd5 34. Rhb1 Qa5+ 35. Kb2 Kf7 36. Rb7+ Ke6 37. Rxh7 Qd2+ 38. Ka1 Qxg2 39.
Rxa7 d5 40. Ra5 e4 41. Ra2 Qf3 42. Rb6+ Kf5 43. Raa6 Qd1+ 44. Kb2 Qd4+ 45. Kc2
e3 46. Rxg6 e2 47. Raf6+ Qxf6 48. Rxf6+ Kxf6 49. Kd2 Ke5 50. Kxe2 Ke4 51. Kd2
Kd4 52. Ke2 Kc3 0-1

[Event "MMK 2013 - OPEN"]
[Site "ul.Reymonta 22 - Krakow"]
[Date "2013.08.11"]
[Round "5.12"]
[White "Zaboklicki, Zbigniew"]
[Black "Kumor, Lukasz"]
[Result "0-1"]
[WhiteElo "1790"]
[BlackElo "2131"]
[PlyCount "76"]
[EventDate "2013.??.??"]

1. Nf3 d5 2. b3 Bf5 3. Bb2 e6 4. g3 Nf6 5. Bg2 Bd6 6. c4 O-O 7. O-O Nbd7 8. d3
c6 9. Nbd2 Qe7 10. Re1 e5 11. e4 dxe4 12. dxe4 Bg4 13. Qc2 Rfd8 14. a3 a5 15.
h3 Bxf3 16. Nxf3 Ne8 17. Nh4 g6 18. Nf3 Ng7 19. Nh2 Ne6 20. Nf3 f6 21. h4 Bc5
22. Red1 Nef8 23. a4 Bb4 24. Bh3 Nc5 25. Bg2 Rxd1+ 26. Rxd1 Rd8 27. Rxd8 Qxd8
28. Bf1 Qd7 29. Be2 Kg7 30. Kg2 Nfe6 31. Kh2 Nd8 32. Kg2 Nf7 33. Bc1 Nd6 34.
Bd3 Nxd3 35. Qxd3 Qg4 36. Qe3 Qxe4 37. Qxe4 Nxe4 38. Be3 f5 0-1

[Event "MMK 2013 - OPEN"]
[Site "ul.Reymonta 22 - Krakow"]
[Date "2013.08.11"]
[Round "5.13"]
[White "Ruffenach, Alain"]
[Black "Watorek, Marcin"]
[Result "0-1"]
[WhiteElo "1934"]
[BlackElo "2116"]
[PlyCount "52"]
[EventDate "2013.??.??"]

1. d4 Nf6 2. Nf3 e6 3. e3 c5 4. Bd3 Nc6 5. O-O d5 6. c3 Bd6 7. Nbd2 O-O 8. e4
dxe4 9. Nxe4 Nxe4 10. Bxe4 f5 11. Bc2 Qf6 12. d5 Ne5 13. dxe6 Nxf3+ 14. Qxf3
Bxe6 15. Bf4 Bxf4 16. Qxf4 b6 17. Rfe1 Rae8 18. h3 g6 19. Ba4 Re7 20. Qd6 f4
21. f3 Rff7 22. Re4 Kg7 23. Bb3 Bxb3 24. Qxf6+ Kxf6 25. Rxf4+ Kg7 26. Rxf7+
Bxf7 0-1

[Event "MMK 2013 - OPEN"]
[Site "ul.Reymonta 22 - Krakow"]
[Date "2013.08.11"]
[Round "5.14"]
[White "Chmiel, Marcin"]
[Black "Molenda, Marcin"]
[Result "0-1"]
[WhiteElo "2028"]
[BlackElo "1866"]
[PlyCount "114"]
[EventDate "2013.??.??"]

1. Nf3 c5 2. c4 Nc6 3. d4 cxd4 4. Nxd4 g6 5. e4 Nf6 6. Nc3 Nxd4 7. Qxd4 d6 8.
Bg5 Bg7 9. Be2 O-O 10. Qe3 Qa5 11. O-O Be6 12. Rac1 Rfc8 13. b3 a6 14. f4 b5
15. f5 Bd7 16. Bxf6 Bxf6 17. Nd5 Qd8 18. Nxf6+ exf6 19. fxg6 hxg6 20. Qd4 f5
21. Bd3 fxe4 22. Bxe4 Bc6 23. Rf3 Qg5 24. Rcf1 Bxe4 25. Qxe4 Ra7 26. Kh1 bxc4
27. bxc4 Rac7 28. Qd3 a5 29. Rf4 Qe5 30. Re4 Qg5 31. a4 Rd8 32. Rfe1 Qf6 33.
Qh3 Rf8 34. Re8 Rxc4 35. Rxf8+ Kxf8 36. Qh6+ Qg7 37. Qg5 Qc3 38. Qh6+ Qg7 39.
Qg5 Qc3 40. Qe7+ Kg7 41. Rf1 Rf4 42. Rg1 Qe5 43. Qd7 Rh4 44. h3 Qe6 45. Qxe6
fxe6 46. Ra1 d5 47. Kg1 Rb4 48. Kf2 Kf6 49. Ra3 e5 50. Rf3+ Rf4 51. Rxf4+ exf4
52. Kf3 Kf5 53. h4 d4 54. g3 fxg3 55. Kxg3 Ke4 56. Kf2 Kd3 57. Ke1 Kc2 0-1

[Event "MMK 2013 - OPEN"]
[Site "ul.Reymonta 22 - Krakow"]
[Date "2013.08.11"]
[Round "5.15"]
[White "Kyrychenko, Mykola"]
[Black "Wozniak, Mariola"]
[Result "0-1"]
[WhiteElo "1850"]
[BlackElo "2028"]
[PlyCount "42"]
[EventDate "2013.??.??"]

1. e4 c5 2. Nf3 d6 3. d4 cxd4 4. Nxd4 Nf6 5. f3 e5 6. Nb5 a6 7. N5c3 Be7 8. Be3
Be6 9. Be2 O-O 10. O-O b5 11. a3 Nbd7 12. f4 exf4 13. Bxf4 Ne5 14. Bxe5 dxe5
15. Bf3 Qb6+ 16. Kh1 Rfd8 17. Qe1 a5 18. Nd5 Nxd5 19. exd5 Bxd5 20. Qxe5 Bxf3
21. Qxe7 Qf2 0-1

[Event "MMK 2013 - OPEN"]
[Site "ul.Reymonta 22 - Krakow"]
[Date "2013.08.11"]
[Round "5.16"]
[White "Sanetra, Szymon"]
[Black "Luczka, Szymon"]
[Result "1/2-1/2"]
[WhiteElo "2010"]
[BlackElo "1648"]
[PlyCount "76"]
[EventDate "2013.??.??"]

1. d4 Nf6 2. c4 c5 3. d5 b5 4. Qc2 d6 5. e4 g6 6. Nf3 Nbd7 7. Be2 Bg7 8. O-O
O-O 9. Nfd2 Ne8 10. f4 Nb6 11. Nc3 bxc4 12. Nxc4 f5 13. e5 Nxc4 14. Bxc4 dxe5
15. d6+ e6 16. fxe5 Bxe5 17. Qb3 Qxd6 18. Nb5 Qb6 19. Re1 Bd4+ 20. Kh1 Nc7 21.
Bh6 Re8 22. Nxd4 cxd4 23. Bf4 Qxb3 24. axb3 Re7 25. Rad1 Ba6 26. Rxd4 Bxc4 27.
bxc4 e5 28. Rxe5 Rxe5 29. Bxe5 Re8 30. Bg3 Ne6 31. Rd7 Rd8 32. Rxd8+ Nxd8 33.
Kg1 Ne6 34. Bb8 a6 35. Kf2 Nd8 36. Ke3 Kf7 37. b4 Nc6 38. Bd6 Ke6 1/2-1/2

[Event "MMK 2013 - OPEN"]
[Site "ul.Reymonta 22 - Krakow"]
[Date "2013.08.11"]
[Round "5.17"]
[White "Corti, Massimo"]
[Black "Magan Gonzalez, Alberto"]
[Result "0-1"]
[WhiteElo "2008"]
[BlackElo "1861"]
[PlyCount "110"]
[EventDate "2013.??.??"]

1. d4 Nf6 2. Nf3 e6 3. g3 d5 4. Bg2 Be7 5. c4 c6 6. O-O Nbd7 7. Qb3 O-O 8. Nc3
Re8 9. Rd1 Qb6 10. c5 Qxb3 11. axb3 Bf8 12. b4 e5 13. e3 e4 14. Nd2 Ng4 15. Nb3
f5 16. b5 Be7 17. Bf1 Nb8 18. Bd2 Bd8 19. Ra3 Nf6 20. Rda1 a6 21. Na2 cxb5 22.
Bxb5 Bd7 23. Be2 Nc6 24. Na5 Nxa5 25. Bxa5 Bxa5 26. Rxa5 Bc6 27. b4 Rac8 28.
Nc3 Re7 29. h4 h6 30. b5 axb5 31. Bxb5 g5 32. hxg5 hxg5 33. Ra8 Ree8 34. Rxc8
Rxc8 35. Ra7 Kf8 36. Bxc6 bxc6 37. Na4 Ne8 38. Nb6 Rc7 39. Nd7+ Ke7 40. Rxc7
Nxc7 41. Ne5 Nb5 42. Nxc6+ Ke6 43. Kf1 f4 44. g4 f3 45. Ke1 Nc7 46. Kd2 Nb5 47.
Nd8+ Ke7 48. Nb7 Kd7 49. Na5 Nc7 50. Nb7 Ne8 51. Ke1 Nf6 52. Nd6 Ke6 53. Nf5
Nxg4 54. Ng7+ Kf6 55. Nh5+ Kg6 {nieczytelne} 0-1

[Event "MMK 2013 - OPEN"]
[Site "ul.Reymonta 22 - Krakow"]
[Date "2013.08.11"]
[Round "5.18"]
[White "Madej, Roman"]
[Black "Sanetra, Krzysztof"]
[Result "0-1"]
[WhiteElo "1637"]
[BlackElo "1981"]
[PlyCount "58"]
[EventDate "2013.??.??"]

1. d4 Nf6 2. c4 g6 3. Nc3 Bg7 4. e4 d6 5. Nf3 O-O 6. Be2 Bg4 7. O-O Nc6 8. d5
Bxf3 9. Bxf3 Na5 10. Be2 c5 11. Be3 h6 12. Qd2 Kh7 13. f4 Nd7 14. Rf3 f5 15.
exf5 gxf5 16. Bd3 Kh8 17. Qc2 Nf6 18. a3 Ng4 19. b4 Nxe3 20. Rxe3 cxb4 21. axb4
Qb6 22. Qf2 Qxb4 23. Ra4 Qxc3 24. Bf1 Qb2 25. Re2 Qb6 26. Qxb6 axb6 27. Rb4
Bd4+ 28. Kh1 Rae8 29. Re6 Rf6 0-1

[Event "MMK 2013 - OPEN"]
[Site "ul.Reymonta 22 - Krakow"]
[Date "2013.08.11"]
[Round "5.19"]
[White "Carre, Sylvain"]
[Black "Sumin, Vladyslav"]
[Result "1/2-1/2"]
[WhiteElo "2120"]
[BlackElo "2037"]
[PlyCount "80"]
[EventDate "2013.??.??"]

1. d4 c5 2. c3 Nf6 3. Nf3 b6 4. g3 Bb7 5. Bg2 e6 6. O-O Be7 7. a4 O-O 8. Re1
Ne4 9. Nfd2 d5 10. e3 Nd7 11. Nxe4 dxe4 12. Nd2 f5 13. a5 cxd4 14. exd4 e5 15.
Nc4 exd4 16. axb6 Nxb6 17. Nxb6 Qxb6 18. Qxd4 Qxd4 19. cxd4 Bf6 20. Be3 Rfd8
21. Red1 Bd5 22. Ra5 Rac8 23. Bf1 Bb3 24. Rda1 Bxd4 25. Bxd4 Rxd4 26. Rxf5 Rd1
27. Rxd1 Bxd1 28. h3 g6 29. Rf4 Bf3 30. Bg2 Rc1+ 31. Kh2 Rc2 32. Bxf3 exf3 33.
Rxf3 Rxb2 34. h4 a5 35. Kg2 a4 36. Rc3 Rb7 37. Rc8+ Kg7 38. Ra8 Rb4 39. Ra7+
Kg8 40. Kh3 Rb2 1/2-1/2

[Event "MMK 2013 - OPEN"]
[Site "ul.Reymonta 22 - Krakow"]
[Date "2013.08.11"]
[Round "5.20"]
[White "Polok, Kacper"]
[Black "Low, Zhen Yu Cyrus"]
[Result "0-1"]
[WhiteElo "2213"]
[BlackElo "1769"]
[PlyCount "70"]
[EventDate "2013.??.??"]

1. e4 c5 2. Nc3 Nc6 3. Bb5 Nd4 4. Bc4 e6 5. Nge2 Nxe2 6. Qxe2 d6 7. O-O Be7 8.
d3 Nf6 9. Be3 O-O 10. d4 d5 11. e5 Nd7 12. Bb5 cxd4 13. Bxd4 Nc5 14. Rad1 Bd7
15. Bd3 Nxd3 16. Rxd3 f6 17. f4 fxe5 18. Bxe5 Bf6 19. Re1 Bxe5 20. Qxe5 Qb6+
21. Qd4 Rxf4 22. Qxb6 axb6 23. Rf3 Rxf3 24. gxf3 d4 25. Ne2 Rxa2 26. Rb1 e5 27.
Nc1 Ra5 28. Nd3 Bf5 29. Re1 Bxd3 30. cxd3 g5 31. Kf2 Kf7 32. Kg3 Kf6 33. Kg4
Rb5 34. Re2 Rb3 35. Rd2 Kg6 0-1

[Event "MMK 2013 - OPEN"]
[Site "ul.Reymonta 22 - Krakow"]
[Date "2013.08.11"]
[Round "5.21"]
[White "Gosciniak, Maria"]
[Black "Lis, Mateusz"]
[Result "1-0"]
[WhiteElo "2098"]
[BlackElo "1725"]
[PlyCount "132"]
[EventDate "2013.??.??"]

1. e4 c6 2. d4 d5 3. exd5 cxd5 4. Bd3 Nc6 5. c3 Nf6 6. Bf4 e6 7. Nf3 Bd6 8.
Bxd6 Qxd6 9. O-O O-O 10. Nbd2 Bd7 11. Re1 Rfb8 12. a4 Qc7 13. Ne5 Be8 14. Ndf3
Nxe5 15. dxe5 Nd7 16. Qc2 h6 17. Qd2 Nc5 18. Bc2 b5 19. a5 Rd8 20. Nd4 Rac8 21.
f4 Bd7 22. Re3 Ne4 23. Bxe4 dxe4 24. b4 Be8 25. Rae1 Kh7 26. Rg3 Bc6 27. Qe2 a6
28. Qg4 Rg8 29. f5 Qxe5 30. fxe6 fxe6 31. Qg6+ Kh8 32. Nxe6 Qf6 33. Nc5 Rgf8
34. Qxf6 Rxf6 35. Nxa6 Rcf8 36. Nc5 Rf2 37. h3 R2f7 38. Ne6 Rb8 39. Rge3 Re7
40. Nc5 Rbe8 41. Rd1 Ba8 42. Rd7 Rxd7 43. Nxd7 Rd8 44. Nc5 Re8 45. Kf2 g5 46.
Re1 Kg7 47. Ke3 Kf6 48. Rd1 Ke5 49. Rd4 Bc6 50. Nxe4 Rf8 51. g4 Rf1 52. Nf2
Re1+ 53. Kd2 Rf1 54. Nd3+ Ke6 55. Ke2 Rh1 56. Nf2 Rc1 57. Rd3 Bd5 58. Kd2 Rf1
59. Re3+ Kf7 60. Ne4 Bc6 61. Nd6+ Kf8 62. Nf5 Rf4 63. Nd4 Rf2+ 64. Re2 Rf6 65.
Nxc6 Rxc6 66. Re5 Rd6+ 1-0

[Event "MMK 2013 - OPEN"]
[Site "ul.Reymonta 22 - Krakow"]
[Date "2013.08.11"]
[Round "5.22"]
[White "Jedrocha, Katarzyna"]
[Black "Oestreicher, Hans-ulrich"]
[Result "1/2-1/2"]
[WhiteElo "1717"]
[BlackElo "2090"]
[PlyCount "75"]
[EventDate "2013.??.??"]

1. e4 c6 2. d4 d5 3. Nc3 dxe4 4. Nxe4 Bf5 5. Ng3 Bg6 6. h4 h6 7. Nf3 Nd7 8. h5
Bh7 9. Bd3 Bxd3 10. Qxd3 Qc7 11. Ne4 Ngf6 12. Bd2 e6 13. O-O-O O-O-O 14. Nxf6
Nxf6 15. Qe2 c5 16. dxc5 Bxc5 17. Ne5 Nd5 18. Nd3 Be7 19. Kb1 Bf6 20. Bc1 Rd7
21. g3 Rhd8 22. c3 Qc6 23. Nf4 Qa4 24. Qc2 Qc6 25. Nxd5 Rxd5 26. Be3 a6 27. Qe2
Rxd1+ 28. Rxd1 Qe4+ 29. Kc1 Rd5 30. Rxd5 Qxd5 31. a3 Kd7 32. Kc2 Kc6 33. Qg4 b5
34. a4 Kd7 35. axb5 axb5 36. Qe2 Kc6 37. Qg4 Kd7 38. Qe2 1/2-1/2

[Event "MMK 2013 - OPEN"]
[Site "ul.Reymonta 22 - Krakow"]
[Date "2013.08.11"]
[Round "5.23"]
[White "Blaszczak, Pawel"]
[Black "Uscinski, Michal"]
[Result "1/2-1/2"]
[WhiteElo "2039"]
[BlackElo "1716"]
[PlyCount "45"]
[EventDate "2013.??.??"]

1. e4 c5 2. Nf3 Nc6 3. d4 cxd4 4. Nxd4 g6 5. Nc3 d6 6. Bc4 Bg7 7. Be3 Nf6 8. f3
a6 9. Qd2 Bd7 10. O-O-O Nxd4 11. Bxd4 O-O 12. h4 b5 13. Bb3 a5 14. Nd5 Nxd5 15.
Bxd5 Rc8 16. h5 e6 17. hxg6 hxg6 18. Bxg7 Kxg7 19. Qh6+ Kf6 20. f4 exd5 21.
Qg5+ Kg7 22. Qh6+ Kf6 23. Qg5+ 1/2-1/2

[Event "MMK 2013 - OPEN"]
[Site "ul.Reymonta 22 - Krakow"]
[Date "2013.08.11"]
[Round "5.24"]
[White "Lewtak, Dominik"]
[Black "Kohtz, Andreas"]
[Result "0-1"]
[WhiteElo "1846"]
[BlackElo "2034"]
[PlyCount "65"]
[EventDate "2013.??.??"]

1. e4 Nf6 2. e5 Nd5 3. c4 Nb6 4. d4 d6 5. exd6 cxd6 6. Nc3 g6 7. Be3 Bg7 8. Nf3
O-O 9. Be2 Bg4 10. O-O Nc6 11. b3 d5 12. c5 Nc8 13. h3 Bxf3 14. Bxf3 e6 15. Qd2
N8e7 16. g4 e5 17. Ne2 f5 18. Bg5 e4 19. Bg2 fxg4 20. hxg4 Qd7 21. f3 Rae8 22.
b4 exf3 23. Bxf3 Rxf3 24. Rxf3 Nxd4 25. Nxd4 Qxg4+ 26. Kh2 Bxd4 27. Raf1 Nf5
28. Re1 Rxe1 29. Qxe1 Qxg5 30. Qe6+ Kg7 31. Qd7+ Qe7 32. Qb5 Qh4+ 33. Kg2 0-1

[Event "MMK 2013 - OPEN"]
[Site "ul.Reymonta 22 - Krakow"]
[Date "2013.08.11"]
[Round "5.25"]
[White "Karaoulanis, Dimitrios"]
[Black "Kyrychenko, Maryan"]
[Result "0-1"]
[WhiteElo "2012"]
[BlackElo "1711"]
[PlyCount "51"]
[EventDate "2013.??.??"]

1. e4 c5 2. Nf3 d6 3. d4 cxd4 4. Nxd4 Nf6 5. Nc3 g6 6. Be3 Bg7 7. f3 O-O 8. Qd2
Nc6 9. O-O-O d5 10. exd5 Nxd5 11. Nxc6 bxc6 12. Bd4 e5 13. Bc5 Be6 14. Ne4 Re8
15. g4 Qc7 16. h4 Rad8 17. h5 Nf6 18. Nd6 Re7 19. hxg6 fxg6 20. Qg5 Ne8 21.
Nxe8 Rxd1+ 22. Kxd1 Rxe8 23. Bd3 Qf7 24. Ke2 Bd5 25. Be4 Bxe4 26. fxe4 0-1

[Event "MMK 2013 - OPEN"]
[Site "ul.Reymonta 22 - Krakow"]
[Date "2013.08.11"]
[Round "5.26"]
[White "Kromka, Ryszard"]
[Black "Blaszczak, Jerzy"]
[Result "1-0"]
[WhiteElo "1941"]
[BlackElo "1639"]
[PlyCount "77"]
[EventDate "2013.??.??"]

1. e4 e5 2. Nf3 Nc6 3. Bb5 a6 4. Ba4 Nf6 5. d3 d6 6. c3 Bd7 7. O-O Be7 8. Re1
O-O 9. Nbd2 Bg4 10. Nf1 Nd7 11. h3 Bh5 12. g4 Bg6 13. Ng3 Nc5 14. Bc2 Ne6 15.
Nf5 Bg5 16. Nxg5 Nxg5 17. Kg2 Ne6 18. Qf3 f6 19. Bb3 Bf7 20. Be3 Ne7 21. Qg3
Ng6 22. Kh2 c6 23. h4 d5 24. Rad1 Ngf4 25. d4 Qc7 26. dxe5 fxe5 27. exd5 cxd5
28. Bxd5 Rad8 29. Be4 b5 30. f3 Qc4 31. Qf2 Nd3 32. Bxd3 Rxd3 33. Rxd3 Qxd3 34.
Qe2 Rd8 35. Ne7+ Kf8 36. Nc6 Qxe2+ 37. Rxe2 Nf4 38. Bxf4 exf4 39. Nxd8 1-0

[Event "MMK 2013 - OPEN"]
[Site "ul.Reymonta 22 - Krakow"]
[Date "2013.08.12"]
[Round "6.1"]
[White "Matviishen, Viktor"]
[Black "Barski, Radoslaw"]
[Result "0-1"]
[WhiteElo "2070"]
[BlackElo "2268"]
[PlyCount "94"]
[EventDate "2013.??.??"]

1. d4 Nf6 2. c4 g6 3. Nc3 Bg7 4. Bg5 O-O 5. Nf3 d6 6. e3 h6 7. Bh4 g5 8. Bg3 e6
9. h3 Nh5 10. Bh2 f5 11. Nd2 Nf6 12. Be2 Qe7 13. Qc2 Nc6 14. a3 e5 15. d5 Nb8
16. e4 f4 17. f3 a5 18. O-O-O Bd7 19. c5 Na6 20. cxd6 cxd6 21. Nc4 b5 22. Nxa5
b4 23. Nb5 bxa3 24. bxa3 Rfc8 25. Nc6 Bxc6 26. dxc6 d5 27. exd5 e4 28. d6 Qe5
29. d7 Nxd7 30. Rxd7 Qa1+ 31. Kd2 e3+ 32. Kd3 Qxh1 33. Nd6 Rf8 34. Rxg7+ Kxg7
35. Qb2+ Kg6 36. Kc4 Rab8 37. Qc2+ Kg7 38. Qc3+ Kg6 39. g4 Rf6 40. Bd3+ Kg7 41.
Ne4 Rbf8 42. Nxf6 Rxf6 43. Qb2 Nc7 44. Kc5 Qe1 45. Kb6 Nd5+ 46. Kb7 Qa5 47. Qe5
Qb6+ 0-1

[Event "MMK 2013 - OPEN"]
[Site "ul.Reymonta 22 - Krakow"]
[Date "2013.08.13"]
[Round "6.2"]
[White "Buscara, Sevan"]
[Black "Janus, Przemyslaw"]
[Result "1/2-1/2"]
[WhiteElo "2330"]
[BlackElo "2121"]
[PlyCount "266"]
[EventDate "2013.??.??"]

1. Nf3 d5 2. g3 Nf6 3. Bg2 c5 4. O-O Nc6 5. d3 e6 6. Nbd2 Be7 7. e4 b6 8. Re1
Bb7 9. e5 Nd7 10. h4 Qc7 11. Qe2 h6 12. h5 O-O-O 13. Nf1 Kb8 14. N1h2 Rde8 15.
Ng4 a6 16. Bf4 Ka7 17. c3 Rc8 18. a3 Na5 19. b4 Nb3 20. Rab1 c4 21. a4 Kb8 22.
Red1 b5 23. axb5 axb5 24. Be3 Nb6 25. Nd4 Nxd4 26. Bxd4 Na4 27. Ra1 Bc6 28. Ra3
Kb7 29. Rda1 Ra8 30. Qf3 Rhf8 31. Qe3 Ra6 32. Bf3 Bg5 33. Qe1 Rfa8 34. Be2 Qc8
35. f4 Bd8 36. Ne3 Bb6 37. Bxb6 Kxb6 38. dxc4 dxc4 39. Bxc4 bxc4 40. Nxc4+ Kc7
41. Nd6 Qb8 42. c4 Qb6+ 43. Qf2 Qxb4 44. Nxf7 Qxc4 45. Rd1 Nc5 46. Rxa6 Rxa6
47. Qd2 Qd5 48. Qxd5 Bxd5 49. Rc1 Kb6 50. Rb1+ Nb3 51. Kh2 Ra2+ 52. Kh3 Kc5 53.
Nd6 Nd4 54. Rc1+ Kb6 55. Rb1+ Kc6 56. Rc1+ Kd7 57. Rd1 Nf3 58. Kg4 Nd2 59. Rc1
Rb2 60. Ra1 Rb1 61. Ra7+ Kc6 62. f5 Nf3 63. Ra6+ Kc5 64. fxe6 Nxe5+ 65. Kf5 Nc6
66. Ne4+ Bxe4+ 67. Kxe4 Kd6 68. Kf5 Rb5+ 69. Kg6 Rb7 70. g4 Kd5 71. g5 Ne5+ 72.
Kf5 Nc4 73. gxh6 gxh6 74. Kg6 Ke5 75. Rc6 Ne3 76. Kxh6 Kf5 77. e7 Ng4+ 78. Kg7
Rxe7+ 79. Kf8 Rh7 80. Ke8 Ne5 81. Ra6 Rxh5 82. Kd8 Rh7 83. Kc8 Ke4 84. Rd6 Nc4
85. Rd8 Ke5 86. Rd3 Nb6+ 87. Kb8 Nd5 88. Ra3 Kd6 89. Ra6+ Kc5 90. Rg6 Ne7 91.
Rg1 Nc6+ 92. Kc8 Nb4 93. Kd8 Nd3 94. Ke8 Kd5 95. Kd8 Nf4 96. Rd1+ Ke6 97. Kc8
Nd5 98. Rg1 Rc7+ 99. Kb8 Kd6 100. Rg6+ Kc5 101. Rg1 Rf7 102. Rg6 Nf6 103. Rg1
Kd6 104. Rc1 Ne4 105. Rc2 Re7 106. Rc1 Nc5 107. Rh1 Kc6 108. Rh6+ Ne6 109. Rh1
Rd7 110. Rh6 Rb7+ 111. Ka8 Re7 112. Kb8 Kb6 113. Kc8 Kc5 114. Kb8 Kb6 115. Kc8
Kc5 116. Kb8 Kc6 117. Rg6 Kc5 118. Kc8 Nf4 119. Rh6 Ne6 120. Rg6 Kd5 121. Rh6
Rg7 122. Kb8 Nc5 123. Ka8 Ne4 124. Kb8 Nd6 125. Rh1 Rb7+ 126. Ka8 Rd7 127. Rc1
Rh7 128. Rc2 Ne4 129. Rc1 Re7 130. Rc2 Nc5 131. Rh2 Nb7 132. Rd2+ Kc6 133. Rc2+
Nc5 1/2-1/2